[Event "Romanian Open 2021"]
[Site "Alba Iulia"]
[Date "2021.11.23"]
[Round "4.7"]
[White "Petre, Nad-Titus"]
[Black "Filip, Andrei"]
[Result "0-1"]
[WhiteElo "2319"]
[BlackElo "2243"]
[Annotator "TA"]
[PlyCount "102"]
[EventDate "2021.11.21"]
[EventType "swiss"]
[EventCountry "ROU"]
[SourceTitle "playchess.com"]
[Source "ChessBase"]
[SourceQuality "1"]

{[%evp 12,102,6,12,46,39,41,0,39,-8,-4,-8,-10,-12,-16,-2,-6,-11,45,-22,25,0,32,-32,11,-34,0,0,29,-22,9,0,9,-29,14,-37,-37,-37,-33,-43,-42,-39,-35,-35,-15,-22,-15,-77,-74,-123,-60,-114,-83,-137,-127,-170,-179,-195,-205,-371,-414,-393,-398,-454,-431,-633,-632,-572,-623,-571,-562,-509,-304,-306,-297,-302,-297,-302,-259,-266,-260,-266,-275,-304,-302,-295,-295,-397,-310,-381,-378,-29991,-29992]} 1. Nf3 Nf6 2. c4 b6 3. g3 Bb7 4. Bg2 c5 5. b3 e6 6. Bb2 Be7 7. O-O Qc8 {A30: Symmetrical English: Double Fianchetto and Hedgehog.} 8. Nc3 {[%cal Bb1c3,Bc3e2,Be2f4][%mdl 32]} O-O 9. e3 Rd8 {The position is equal.} 10. Ne2 (10. e4 $5) 10... d5 {[#]} 11. Nf4 $146 ({Predecessor:} 11. Rc1 Nc6 12. Nf4 Qd7 13. Re1 Rac8 14. Bxf6 Bxf6 15. cxd5 exd5 16. Bh3 Qd6 17. Bxc8 Bxc8 {1-0 (35) Brodowski,P (2437)-Medarde Santiago,L (2359) Evora 2019}) 11... Nbd7 12. Qe2 dxc4 13. bxc4 Bc6 14. d3 h6 ({Black should play} 14... Bd6 $11) 15. h4 (15. e4 $14) 15... Qb7 16. Rfd1 Rac8 17. Bc3 (17. e4 $14) 17... Qc7 18. Qb2 Qb7 19. e4 Ne8 20. Nh2 (20. Qe2 $142) 20... Bf6 21. e5 {aiming for Bxc6.} Be7 22. a4 Nb8 23. a5 (23. Bh3 $11) 23... Bxg2 $15 24. Nxg2 Nc6 25. a6 Qa8 26. Nf4 Rd7 27. Qe2 Nc7 28. Qg4 $1 Bf8 (28... Kh8 {is interesting.} 29. Nf1 b5 30. Nd2 Rcd8 31. Ne4 Bf8) 29. Rd2 (29. Nf1 $11) 29... Rcd8 {White is on the road to losing.} 30. Qe2 Qc8 (30... Nb4 $17 31. Rb1 Ncxa6) 31. Rda2 ({Better is} 31. Nh5 $15) 31... b5 32. Qe4 (32. Nf3 $142) 32... Nb4 $17 33. Bxb4 cxb4 34. Nf3 bxc4 35. dxc4 (35. Qxc4 {was the only chance.} Qa8 36. Ne1) 35... b3 $19 36. Rb2 Nxa6 37. Qe3 Nc5 38. Nd2 (38. Kg2 $142) 38... Nd3 39. Nxd3 Rxd3 40. Qe2 Bb4 {[%cal Rd3d2]} 41. Ne4 a5 42. Nd6 Bxd6 43. Qxd3 Bxe5 44. Qxb3 Bxb2 45. Qxb2 Qxc4 {[%mdl 4096] Endgame KQR-KQR} 46. Qb6 {[#]} Rd5 47. Qb8+ Kh7 48. Qb1+ f5 49. Qb6 Qe4 50. h5 f4 {[%mdl 64] [#] Discovered Attack} 51. gxf4 $2 (51. Qb1 $19 Qxb1+ 52. Rxb1) 51... Rxh5 {[%csl Ge4][%cal Rh5h1] Weighted Error Value: White=0.46/Black=0.19} 0-1

[Event "Romanian Open 2021"]
[Site "Alba Iulia"]
[Date "2021.11.23"]
[Round "4.8"]
[White "Maria, Lia-Alexandra"]
[Black "Antal, Hunor-Zoltan"]
[Result "0-1"]
[WhiteElo "1784"]
[BlackElo "2111"]
[Annotator "TA"]
[PlyCount "64"]
[EventDate "2021.11.21"]
[EventType "swiss"]
[EventCountry "ROU"]
[SourceTitle "playchess.com"]
[Source "ChessBase"]
[SourceQuality "1"]

{[%evp 14,64,-2,-11,-6,-6,-4,-6,-13,-15,-12,-12,-14,-14,-14,-14,-16,-25,-7,-28,-29,-75,-61,-73,-72,-123,-29,-147,-147,-147,-147,-147,-147,-162,-158,-172,-160,-275,-272,-271,-273,-274,-270,-270,-260,-360,-354,-493,-387,-822,-802,-5586,-3437]} 1. e4 e6 2. d4 d5 3. Nc3 Bb4 4. e5 c5 5. Bd2 Ne7 6. a3 Bxc3 7. Bxc3 b6 8. b4 Qc7 {C17: French: 3 Nc3 Bb4 4 e5 c5 sidelines.} 9. Nf3 cxb4 10. Bxb4 Ba6 {The position is equal.} 11. Bd3 Bxd3 12. Qxd3 Nbc6 {[%cal Bb8c6,Bc6a5,Ba5c4,Bc4d2][%mdl 32]} 13. Bd6 Qd7 14. a4 {[#]} h6 $146 ({Predecessor:} 14... Na5 15. Nd2 Rc8 16. c3 O-O 17. f4 Nc4 18. Bxe7 Qxe7 19. O-O f6 20. Nxc4 Rxc4 21. exf6 Qxf6 22. a5 b5 23. Rae1 a6 24. Qh3 Qf5 25. Rxe6 Qxh3 {½-½ (25) Suwara,K (1827)-Pluemmer,R (2194) LSS email 2011}) 15. O-O O-O 16. Rfe1 Rfc8 17. g4 Na5 18. Bb4 Nc4 19. h4 {[#]} ({White should play} 19. Bxe7 Qxe7 20. c3) 19... a5 (19... Ng6 $1 $17 20. Reb1 f5 21. exf6 Nf4) 20. Bd2 (20. Bxe7 $11 {keeps the balance.} Qxe7 21. Kg2) 20... Nxd2 $17 21. Nxd2 Rc6 22. c3 Rac8 23. Rec1 Qc7 {[%cal Rc6c3]} 24. Ra3 Ng6 25. h5 {[#]} (25. Qg3 $17 {was necessary.}) 25... Qe7 $1 26. Rb3 (26. Ra2 Nf4) 26... Nf4 27. Qf3 Qg5 28. Kf1 {[#]} Nxh5 $1 {[%mdl 512]} 29. Rc2 (29. Ke2 Nf4+) 29... Nf4 30. Nb1 Rc4 {Strongly threatening ...Rxd4!} 31. Ra2 $2 {[#]} (31. Na3 Rxa4 32. Ke1) 31... Rxd4 $3 $19 {[%mdl 512] White must now prevent ...Rd3.} 32. Kg1 (32. Rd2 Rxa4) 32... Rd3 {Weighted Error Value: White=0.68/Black=0.06} 0-1

[Event "Romanian Open 2021"]
[Site "Alba Iulia"]
[Date "2021.11.23"]
[Round "4.9"]
[White "Sava, Robert-Gabriel"]
[Black "Butolo, Alexandru-Mircea"]
[Result "0-1"]
[WhiteElo "1735"]
[BlackElo "1768"]
[Annotator "NA RC"]
[PlyCount "62"]
[EventDate "2021.11.21"]
[EventType "swiss"]
[EventCountry "ROU"]
[SourceTitle "playchess.com"]
[Source "ChessBase"]
[SourceQuality "1"]
[TimeControl "5400+30"]

1. e4 {[%emt 0:00:12]} c5 {[%emt 0:00:35]} 2. Nf3 {[%emt 0:00:56]} Nc6 {[%emt 0:00:45]} 3. d4 {[%emt 0:00:39]} cxd4 {[%emt 0:00:09]} 4. Nxd4 {[%emt 0:00:46]} Nf6 {[%emt 0:00:28]} 5. Nc3 {[%emt 0:01:10]} e6 {[%emt 0:00:08]} 6. Nxc6 {[%emt 0:01:51]} bxc6 {[%emt 0:00:10]} 7. e5 {[%emt 0:01:04]} Nd5 {[%emt 0:00:05]} 8. Ne4 {[%emt 0:00:56]} Qc7 {[%emt 0:00:06]} 9. f4 {[%emt 0:01:25]} Rb8 {[%emt 0:00:04]} 10. c4 {[%emt 0:05:39]} Bb4+ {[%emt 0:00:05]} 11. Ke2 {[%emt 0:03:17]} O-O {[%emt 0:00:06]} 12. cxd5 {[%emt 0:04:03]} cxd5 {[%emt 0:00:05]} 13. Nf2 {[%emt 0:02:43]} f6 {[%emt 0:00:07]} 14. exf6 {[%emt 0:04:46]} Rxf6 {[%emt 0:00:11]} 15. Kf3 {[%emt 0:04:05]} Bb7 {[%emt 0:04:50]} 16. Nd3 {[%emt 0:06:24]} Bd6 {[%emt 0:23:51]} 17. Ke2 {[%emt 0:07:35]} Ba6 {[%emt 0:03:58]} 18. Ke1 {[%emt 0:06:35]} Re8 {[%emt 0:31:01]} 19. Be3 {[%emt 0:20:09]} d4 {[%emt 0:03:52]} 20. Bxd4 {[%emt 0:04:51]} e5 {[%emt 0:00:18]} 21. fxe5 {[%emt 0:01:32]} Bxe5 {[%emt 0:00:59]} 22. Nxe5 {[%emt 0:06:44]} Rxe5+ {[%emt 0:00:10]} 23. Be2 {[%emt 0:03:54]} Rxe2+ {[%emt 0:01:17]} 24. Qxe2 {[%emt 0:00:07]} Bxe2 {[%emt 0:00:34]} 25. Bxf6 {[%emt 0:00:08]} Bg4 {[%emt 0:00:21]} 26. Bc3 {[%emt 0:00:37]} Qc4 {[%emt 0:01:41]} 27. Kd2 {[%emt 0:01:56]} Qe2+ {[%emt 0:00:07]} 28. Kc1 {[%emt 0:00:13]} Bf5 {[%emt 0:00:05]} 29. Bd2 {[%emt 0:00:27]} d5 {[%emt 0:01:17]} 30. a4 {[%emt 0:01:47]} Qc4+ {[%emt 0:01:10]} 31. Bc3 {[%emt 0:00:32]} Qd3 {[%emt 0:00:06]} 0-1

[Event "Romanian Open 2021"]
[Site "Alba Iulia"]
[Date "2021.11.23"]
[Round "4.10"]
[White "Jiros, Doru"]
[Black "Tudor, Henry Edward"]
[Result "0-1"]
[WhiteElo "2020"]
[BlackElo "1753"]
[Annotator "TA"]
[PlyCount "53"]
[EventDate "2021.11.21"]
[EventType "swiss"]
[EventCountry "ROU"]
[SourceTitle "playchess.com"]
[Source "ChessBase"]
[SourceQuality "1"]

{[%evp 9,53,6,10,-2,0,-7,0,0,-15,-22,0,-31,0,-53,-14,-21,-12,-8,-16,-16,0,0,0,-50,-56,-112,-101,-122,-108,-136,-141,-187,-189,-198,-198,-179,-177,-561,-527,-665,-654,-631,-655,-692,-641,-634]} 1. d4 Nf6 2. Nc3 d5 3. Bf4 a6 4. e3 Bf5 5. Nf3 e6 6. Bd3 {D00: 1 d4 d5: Unusual lines.} Bg6 7. O-O c5 8. Re1 {The position is equal.} Nc6 9. a3 {[#]} Rc8 $146 ({Predecessor:} 9... Bd6 10. dxc5 Bxc5 11. h3 O-O 12. Bg5 Be7 13. Bxg6 hxg6 14. e4 dxe4 15. Nxe4 Nxe4 16. Bxe7 Qxe7 17. Rxe4 {0-1 (82) Arias Santana,M (2276)-Drazic,S (2371) San Jose 2019}) 10. Rc1 Be7 11. Bg3 ({White should play} 11. dxc5 $11 Bxc5 12. Ne2) 11... O-O 12. Bxg6 hxg6 13. dxc5 Bxc5 14. e4 Ne7 15. exd5 exd5 16. Ne2 Nf5 17. Ne5 (17. Rf1 $15) 17... Ne4 18. Nd3 Ba7 19. Rf1 Re8 20. Kh1 g5 21. c3 Qf6 22. Rc2 Qh6 23. Be5 $2 {[#]} (23. Kg1) 23... Nxf2+ $1 {[%mdl 576] Remove Defender. Black is clearly winning.} 24. Rxf2 (24. Nxf2 Ne3) 24... Bxf2 25. Nxf2 Ne3 {[%mdl 64] Double Attack} 26. Qd2 Nxc2 27. Qxc2 {Weighted Error Value: White=0.42/Black=0.11} 0-1

[Event "Romanian Open 2021"]
[Site "Alba Iulia"]
[Date "2021.11.23"]
[Round "4.11"]
[White "Botea, David-Alexandru"]
[Black "Arion, Ilie"]
[Result "0-1"]
[WhiteElo "2013"]
[BlackElo "1758"]
[Annotator "ChessBase"]
[PlyCount "138"]
[EventDate "2021.11.21"]
[EventType "swiss"]
[EventCountry "ROU"]
[SourceTitle "playchess.com"]
[Source "ChessBase"]
[SourceQuality "1"]
[TimeControl "5400+30"]

1. e4 {[%emt 0:00:08]} g6 {[%emt 0:00:19]} 2. d4 {[%emt 0:00:04]} Bg7 {[%emt 0:00:20]} 3. Nc3 {[%emt 0:00:05]} d6 {[%emt 0:00:35]} 4. f4 {[%emt 0:00:06]} a6 {[%emt 0:00:47]} 5. Nf3 {[%emt 0:00:13]} b5 {[%emt 0:00:47]} 6. Bd3 {[%emt 0:00:11]} Nd7 {[%emt 0:00:37]} 7. e5 {[%emt 0:00:20]} c5 {[%emt 0:00:43]} 8. Be4 {[%emt 0:00:17]} Rb8 {[%emt 0:00:46]} 9. O-O {[%emt 0:00:09]} cxd4 {[%emt 0:01:32]} 10. Qxd4 {[%emt 0:00:11]} b4 {[%emt 0:01:06]} 11. Ne2 {[%emt 0:09:18]} Nc5 {[%emt 0:01:49]} 12. Bc6+ {[%emt 0:02:13]} Bd7 {[%emt 0:00:13]} 13. Bxd7+ {[%emt 0:00:49]} Qxd7 {[%emt 0:00:08]} 14. Rd1 {[%emt 0:12:30]} Nh6 {[%emt 0:21:40]} 15. Qc4 {[%emt 0:27:22]} Ne6 {[%emt 0:14:52]} 16. exd6 {[%emt 0:02:58]} Qa7+ {[%emt 0:01:38]} 17. Nfd4 {[%emt 0:02:14]} exd6 {[%emt 0:02:54]} 18. Qc6+ {[%emt 0:27:30]} Qd7 {[%emt 0:04:24]} 19. Qd5 {[%emt 0:02:55]} O-O {[%emt 0:08:35]} 20. Be3 {[%emt 0:07:02]} Ng4 {[%emt 0:01:36]} 21. Rd3 {[%emt 0:01:48]} Nc5 {[%emt 0:00:53]} 22. Nc6 {[%emt 0:01:05]} Nxd3 {[%emt 0:03:09]} 23. Nxb8 {[%emt 0:00:15]} Rxb8 {[%emt 0:00:29]} 24. Qxd3 {[%emt 0:00:07]} Nxe3 {[%emt 0:00:33]} 25. Qxe3 {[%emt 0:00:03]} Re8 {[%emt 0:02:03]} 26. Qd2 {[%emt 0:01:55]} Qe6 {[%emt 0:05:25]} 27. Kf2 {[%emt 0:01:15]} Bxb2 {[%emt 0:00:55]} 28. Rb1 {[%emt 0:00:04]} Qxa2 {[%emt 0:00:20]} 29. Rd1 {[%emt 0:00:19]} Qc4 {[%emt 0:00:42]} 30. Rb1 {[%emt 0:01:30]} Qc5+ {[%emt 0:00:40]} 31. Kf1 {[%emt 0:00:24]} Bc3 {[%emt 0:00:49]} 32. Nxc3 {[%emt 0:00:33]} bxc3 {[%emt 0:00:19]} 33. Qd3 {[%emt 0:00:32]} d5 {[%emt 0:01:18]} 34. Qxa6 {[%emt 0:00:30]} Qe3 {[%emt 0:00:39]} 35. Qd3 {[%emt 0:00:33]} Qxf4+ {[%emt 0:00:40]} 36. Qf3 {[%emt 0:00:22]} Qxh2 {[%emt 0:00:36]} 37. Rd1 {[%emt 0:00:15]} d4 {[%emt 0:00:36]} 38. Kf2 {[%emt 0:00:27]} Qh4+ {[%emt 0:00:19]} 39. Kg1 {[%emt 0:00:46]} Qe4 {[%emt 0:00:19]} 40. Qxe4 {[%emt 0:00:36]} Rxe4 {[%emt 0:00:06]} 41. Kf2 {[%emt 0:00:05]} Kg7 {[%emt 0:00:07]} 42. Kf3 {[%emt 0:00:15]} f5 {[%emt 0:00:07]} 43. Rb1 {[%emt 0:00:08]} Kf6 {[%emt 0:00:14]} 44. Rb6+ {[%emt 0:00:48]} Kg5 {[%emt 0:00:13]} 45. Rd6 {[%emt 0:00:08]} Re1 {[%emt 0:00:41]} 46. Rxd4 {[%emt 0:00:37]} Rc1 {[%emt 0:00:04]} 47. g4 {[%emt 0:00:23]} Rxc2 {[%emt 0:00:26]} 48. gxf5 {[%emt 0:00:08]} Kxf5 {[%emt 0:00:11]} 49. Rd5+ {[%emt 0:00:17]} Ke6 {[%emt 0:00:13]} 50. Rc5 {[%emt 0:00:05]} Rc1 {[%emt 0:00:26]} 51. Ke2 {[%emt 0:00:19]} h5 {[%emt 0:00:13]} 52. Kf2 {[%emt 0:00:29]} c2 {[%emt 0:00:22]} 53. Kg2 {[%emt 0:00:04]} Kf6 {[%emt 0:00:12]} 54. Rc6+ {[%emt 0:00:15]} Kg5 {[%emt 0:00:09]} 55. Rc5+ {[%emt 0:00:21]} Kh6 {[%emt 0:00:21]} 56. Rc6 {[%emt 0:00:06]} h4 {[%emt 0:00:13]} 57. Kh2 {[%emt 0:00:07]} Kh5 {[%emt 0:00:05]} 58. Rc5+ {[%emt 0:00:23]} g5 {[%emt 0:00:05]} 59. Kg2 {[%emt 0:00:04]} h3+ {[%emt 0:00:16]} 60. Kh2 {[%emt 0:00:32]} Kh4 {[%emt 0:00:11]} 61. Rc4+ {[%emt 0:00:07]} Kh5 {[%emt 0:01:06]} 62. Rc5 {[%emt 0:02:27]} Kg6 {[%emt 0:00:16]} 63. Rc6+ {[%emt 0:00:09]} Kf5 {[%emt 0:00:05]} 64. Rc5+ {[%emt 0:00:07]} Ke6 {[%emt 0:00:12]} 65. Rc6+ {[%emt 0:00:15]} Kd7 {[%emt 0:00:13]} 66. Rc5 {[%emt 0:03:39]} g4 {[%emt 0:00:08]} 67. Kg3 {[%emt 0:00:04]} Rg1+ {[%emt 0:00:18]} 68. Kh2 {[%emt 0:00:04]} Rg2+ {[%emt 0:01:01]} 69. Kh1 {[%emt 0:00:05]} Rd2 {[%emt 0:00:09]} 0-1